| 000 | 00540nam a2200205 a 4500 | ||
|---|---|---|---|
| 001 | BRCA_7257 | ||
| 005 | 20190320205754.0 | ||
| 008 | 260112s1952----cn-a######---#000-0#eng-# | ||
| 041 | _aeng | ||
| 044 | _acn | ||
| 050 | 4 |
_aHG2710.T7 _bC2 1952 |
|
| 110 | 2 |
_aCanadian Bank of Commerce _917974 |
|
| 245 | 1 | 0 |
_aThe Canadian bank of commerce _b86th Annual Report |
| 260 |
_aToronto _c1952 |
||
| 300 |
_a32 p. _bil. (a color) _c28 cm. |
||
| 500 | _aP17 | ||
| 651 | 4 |
_aCanadá _xCondiciones económicas _917975 |
|
| 902 | _aGFM | ||
| 942 |
_2lcc _cB |
||
| 999 |
_c6938 _d6938 |
||